ბათუმის შოთა რუსთაველის სახელმწიფო უნივერსიტეტის ბიბლიოთეკა

ქიმია (ბიბ.ჩანაწერი № 44479)

000 -LEADER
fixed length control field 00776nam a2200217Ia 4500
001 - CONTROL NUMBER
control field 11277
003 - CONTROL NUMBER IDENTIFIER
control field GE_BSU
008 - FIXED-LENGTH DATA ELEMENTS--GENERAL INFORMATION
fixed length control field 181216s||||||||xx |||||||||||||| ||und||
040 ## - CATALOGING SOURCE
Transcribing agency GE_BSU
080 ## - UNIVERSAL DECIMAL CLASSIFICATION NUMBER
Universal Decimal Classification number 54(075.4)
100 ## - MAIN ENTRY--PERSONAL NAME
Personal name კოკოჩაშვილი ვიქტორ, კოკოჩაშვილი თინათინ
245 ## - TITLE STATEMENT
Title ქიმია
245 ## - TITLE STATEMENT
Remainder of title სახელმძღ. უმაღლეს სასწავლებელში შემსვლელთათვის
245 ## - TITLE STATEMENT
Statement of responsibility, etc. რედ: შ. მიქაძე
260 ## - PUBLICATION, DISTRIBUTION, ETC.
Place of publication, distribution, etc. თბილისი
260 ## - PUBLICATION, DISTRIBUTION, ETC.
Name of publisher, distributor, etc. თბილისის უნ–ტის გამ–ბა.
260 ## - PUBLICATION, DISTRIBUTION, ETC.
Date of publication, distribution, etc. 1982
300 ## - PHYSICAL DESCRIPTION
Extent 584გვ.22სმ.
653 ## - INDEX TERM--UNCONTROLLED
Uncontrolled term ქიმია
942 ## - ADDED ENTRY ELEMENTS (KOHA)
Koha item type წიგნი
ეგზემპლარები
Withdrawn status Lost status Damaged status Not for loan Date acquired Barcode Date last seen Price effective from Koha item type
        2018-12-17 19530 2018-12-17 2018-12-17 წიგნი
        2018-12-17 19531 2018-12-17 2018-12-17 წიგნი
        2018-12-17 19532 2018-12-17 2018-12-17 წიგნი